[Event "IMSA Rapid Women 2019"]
[Site "Hengshui"]
[Date "2019.05.15"]
[Round "8.12"]
[White "Lei, Tingjie"]
[Black "Gunina, Valentina"]
[Result "0-1"]
[WhiteElo "2507"]
[BlackElo "2506"]
[Annotator "TA"]
[PlyCount "92"]
[EventDate "2019.05.14"]
[EventType "rapid"]
[EventCountry "CHN"]
[SourceTitle "playchess.com"]
[Source "ChessBase"]
[SourceQuality "1"]

{[%evp 23,124,0,0,-15,0,0,0,0,11,11,13,15,28,11,38,40,45,45,51,39,38,35,47,5,16,0,0,0,0,-104,-77,-134,-72,-85,-72,-51,-39,-695,-614,-565,-535,-6710,-778,-11647,-8179,-2874,-277,-933,-916,-2141,-1983,-1218,-558,-579,-569,-579,-577,-548,-561,-545,-545,-667,-584,-557,-553,-533,-512,-503,-487,-477,-440,-391,-339,-339,-339,-339,-339,-339,-336,-310,-312,-29964,-29966,-29962,-29964,-29969,-29968,-29976,-29977,-29977,-29976,-29977,-29978,-29978,-29979,-29979,-29980,-29980,-29981,-29981,-29982,-29982,-29983]} 1. d4 Nf6 2. c4 e6 3. g3 Bb4+ 4. Bd2 Be7 5. Bg2 d5 6. Nf3 O-O 7. O-O Nbd7 8. Qc2 c6 9. Bf4 b6 10. cxd5 cxd5 11. Rc1 Bb7 12. Bc7 Qe8 13. Qb3 {E08: Closed Catalan: Main Line: 7 Qc2} Ne4 (13... Nb8 14. a4 Ne4 15. Nc3 Nxc3 16. Rxc3 Na6 17. Bf4 Bb4 18. Rc2 Qe7 19. Rac1 Rac8 20. Ne5 Rxc2 21. Qxc2 {½-½ (48) Ding,L (2812)-Karjakin,S (2753) Astana 2019}) 14. Nc3 Ndf6 15. Nb5 $146 {The position is equal.} ({Predecessor:} 15. e3) 15... a6 16. Nc3 b5 17. Ba5 Rc8 18. Nxe4 Nxe4 19. Ne5 f6 20. Nd3 Qd7 21. f3 Ng5 22. Bb4 Rc4 23. Bc5 e5 24. Bxe7 Qxe7 25. dxe5 fxe5 26. Qd1 {[#]} (26. Qa3 $11 {keeps the balance.} Qxa3 27. bxa3) 26... e4 $1 $17 {[%cal Re4d3]} 27. fxe4 ({White should try} 27. Nf4) 27... Nxe4 ({Black should play} 27... Rxe4 28. Qd2 Rxe2) 28. e3 Ng5 29. Qe2 d4 $36 {[%mdl 2048] White is under pressure.} 30. Nf4 $2 {[%mdl 8192]} (30. e4 $15) 30... Rxc1+ 31. Rxc1 Bxg2 32. Nxg2 Nh3+ 33. Kh1 {[#]} d3 $1 {[%mdl 512]} 34. Qh5 (34. Qxd3 Nf2+) 34... Nf2+ (34... d2 $142 35. Ra1 Qd7) 35. Kg1 $19 Qe4 36. Rf1 d2 {( -> ...Nh3+!)} 37. Nf4 d1=Q (37... g6 $142 38. Rxf2 gxh5 39. Rxd2 Rc8) 38. Rxd1 Nxd1 39. Qxd1 Qxe3+ {[%mdl 4096] Endgame KQR-KQN} 40. Kg2 Qe4+ 41. Kh3 h6 42. Qd6 Rf6 43. Qd8+ Kh7 {Hoping for ...Rxf4.} 44. Qc7 Qc4 45. Qe5 Qc8+ 46. g4 Qc6 {Played: Qc8-c4} 0-1

[Event "IMSA Rapid Women 2019"]
[Site "Hengshui"]
[Date "2019.05.15"]
[Round "8.13"]
[White "Harika, Dronavalli"]
[Black "Tan, Zhongyi"]
[Result "0-1"]
[WhiteElo "2492"]
[BlackElo "2513"]
[Annotator "TA"]
[PlyCount "152"]
[EventDate "2019.05.14"]
[EventType "rapid"]
[EventCountry "CHN"]
[SourceTitle "playchess.com"]
[Source "ChessBase"]
[SourceQuality "1"]

{[%evp 11,152,0,11,-4,19,28,31,0,7,0,7,0,0,-17,-27,-24,-26,-28,-15,-54,-52,-51,-45,-46,-39,-73,-20,-26,-32,-136,-134,-137,-133,-154,-130,-143,-133,-148,-149,-127,-125,-119,-108,-141,-126,-130,-126,-131,-119,-119,-129,-121,-106,-106,-106,-99,-64,-66,-40,-43,-49,-85,-7,0,0,-43,-52,-64,-46,-60,0,0,0,-122,-15,-163,-164,-164,-163,-163,-163,-156,-155,-154,-158,-160,-46,-85,-92,-142,-122,-59,0,-327,-907,-11733,-11499,-9175,-5093,-326,-8119,-4966,-4976,-4242,-2956,-2129,-1843,-952,-297,-190,0,-326,-326,-1011,-954,-4233,-3675,-1915,-1738,-29959,-29963,-29970,-29973,-29972,-29963,-29973,-29974,-29974,-29971,-29966,-29970,-29979,-29979,-29979,-29978,-29988,-29978,-29981,-29982,-29986,-29987,-29988,-29989]} 1. e4 e5 2. Nf3 Nc6 3. Bc4 Nf6 4. d4 exd4 5. e5 Ne4 6. Qe2 Nc5 ({Avoid the trap} 6... Bb4+ $2 7. Kd1 $18) 7. O-O {C56: Two Knights: 4 d4 exd4 5 0-0 Nxe4} (7. c3 d3 8. Qe3 Be7 9. b4 Ne6 10. O-O d5 11. exd6 cxd6 12. Qxd3 O-O 13. Nbd2 a5 14. Rb1 axb4 15. cxb4 Nxb4 16. Rxb4 {0-1 (41) Vitiugov,N (2719)-Wang,H (2730) St Petersburg 2018}) 7... Be7 8. Rd1 Ne6 9. Bxe6 {White is slightly better.} dxe6 10. c3 {[%cal Rf3d4]} O-O 11. Nxd4 Qe8 $146 ({Predecessor:} 11... Nxd4 12. Rxd4 Qe8 13. Nd2 Kh8 14. Nf3 Bd7 15. Ng5 Bc6 16. Bf4 Bxg5 17. Bxg5 f5 18. Rad1 Qg6 {½-½ (18) Schandorff,L (2430)-Nielsen,P (2475) Denmark 1994}) 12. Nf3 b6 13. Nbd2 Bb7 14. Ne4 Rd8 15. Bf4 Rxd1+ 16. Rxd1 Qa8 17. Re1 Rd8 18. Bg5 Bxg5 ({Black should try} 18... Rd7 $17) 19. Nexg5 $11 h6 20. Ne4 (20. Qe4 $1 $15) 20... Rd5 $17 21. Ng3 Ne7 $1 22. h4 Ng6 23. Qe3 Qd8 24. h5 Rd3 25. Qc1 Nh4 26. Nxh4 Qxh4 27. Rd1 Qd8 28. Rxd3 Qxd3 29. c4 Qd4 30. Qc3 Qxc3 $1 31. bxc3 {[%mdl 4096] Endgame KB-KN} Kf8 32. f3 Ke7 33. Kf2 Ba6 34. c5 $1 Kd7 35. cxb6 axb6 36. Ke3 Bc4 (36... Kc6 $1 $17) 37. a3 $1 $11 Kc6 38. Ne4 (38. Kd4 $5 {[%cal Rd4c4]} b5 39. a4 $11) 38... Kb5 39. g4 Ka4 $1 40. g5 Kxa3 (40... hxg5 $15 41. Nxg5 Kxa3) 41. gxh6 gxh6 {[#]} 42. Nf6 (42. Ng5 $1 $11 {[%mdl 512] was the only way to keep the balance.}) 42... Kb3 ({Black should play} 42... b5 $17 {Strongly threatening ...c5.} 43. Ng4 Kb3 44. Nxh6 Kxc3 45. Nxf7 b4) 43. Ng4 (43. Kd2 $1 $11 {and White has nothing to worry.}) 43... Kxc3 $19 44. Nxh6 b5 45. Nxf7 {And now Ng5 would win.} b4 46. h6 Bd3 47. Ng5 b3 48. Ne4+ Bxe4 $1 49. fxe4 $17 {K3P-K3P} b2 50. h7 b1=Q {( -> ...Qh1)} 51. h8=Q $15 {KQ-KQ} c5 (51... Qc1+ $15 52. Kf3 Qf1+ 53. Kg3 Qe2) 52. Qf6 $2 {[%mdl 8192]} (52. Qc8 $1 $11 Qe1+ 53. Kf3 Qf1+ 54. Kg3) 52... Qb6 $2 (52... Qe1+ 53. Kf3 Qd1+ 54. Kf2 Qd2+ 55. Kg3 Qd7) 53. Qf3 c4+ 54. Kf4+ Kb4 55. Qf1 Qd4 56. Qb1+ Ka3 $1 57. Qc1+ Kb3 58. Qb1+ {[#]} Qb2 $1 {[%cal Rb2b1]} 59. Qd1+ Kc3 $2 (59... Ka3 {aiming for ...c3.} 60. Qd6+ Qb4) 60. Qd6 $19 Qd2+ $2 (60... Qf2+ $19 61. Kg4 Qf7) 61. Kg4 $2 {[%mdl 8192] [#]} (61. Kf3 $11 {and White is okay.}) 61... Qh6 $1 62. Qa3+ $2 (62. Qe7 Kd4 63. Qf6) 62... Kd4 63. Qd6+ Kxe4 64. Qc6+ Kd3 65. Qd6+ Kc2 {Black mates.} 66. Qa3 Qg6+ 67. Kh4 Qe4+ {[%mdl 64] Double Attack} 68. Kg5 Qxe5+ 69. Kg6 Qe4+ 70. Kf6 c3 71. Qa2+ Kd1 72. Qa1+ Kd2 73. Qa5 e5 74. Ke6 Qd4 75. Kf5 e4 76. Qa1 e3 {Accuracy: White = 36%, Black = 70%.} 0-1

[Event "IMSA Rapid Women 2019"]
[Site "Hengshui"]
[Date "2019.05.15"]
[Round "8.14"]
[White "Paehtz, Elisabeth"]
[Black "Stefanova, Antoaneta"]
[Result "1-0"]
[WhiteElo "2470"]
[BlackElo "2470"]
[Annotator "TA RC"]
[PlyCount "45"]
[EventDate "2019.05.14"]
[EventType "rapid"]
[EventCountry "CHN"]
[SourceTitle "playchess.com"]
[Source "ChessBase"]
[SourceQuality "1"]

{[%evp 10,65,7,3,8,3,6,3,0,0,0,3,3,3,0,0,0,-5,12,0,37,-16,85,0,0,-35,0,0,58,51,69,36,67,45,59,67,287,273,564,559,558,537,1327,971,1035,818,29995,29993,29993,29994,29994,29995,29995,29996,29997,29998,29998,29999]} 1. d4 d5 2. Bf4 Nf6 3. e3 e6 4. Nf3 Bd6 5. Nbd2 Bxf4 6. exf4 O-O {D02: 1 d4 d5 2 Nf3 sidelines, including 2...Nf6 3 g3 and 2...Nf6 3 Bf4} 7. Bd3 b6 8. Qe2 a5 {The position is equal.} 9. O-O Ba6 10. Bxa6 Nxa6 11. c3 c5 12. Ne5 Qd6 (12... Nc7 13. Rad1 Qc8 14. Rfe1 {1-0 (72) Duda,J (2738)-Vitiugov,N (2719) St Petersburg 2018}) 13. a3 $146 ({Predecessor:} 13. Rac1 h6 14. g4 {1-0 (50) Fischer,G (2131)-Appel,H (2184) Bayern 2004}) 13... Nc7 14. Rfe1 b5 15. g4 (15. dxc5 $14 Qxc5 16. Ndf3) 15... g6 (15... c4 $1 $11) 16. Qe3 ({White should try} 16. g5 $16 {dxc5 is the strong threat.} Nd7 17. Nxd7 Qxd7 18. dxc5) 16... c4 $1 $11 17. Qh3 Kg7 18. f5 exf5 (18... Ng8 $1 $11) 19. gxf5 $14 Nh5 20. Kh1 b4 21. Rg1 $36 {[%mdl 2048] White has good play.} bxc3 22. bxc3 {Hoping for Qxh5.} Nf6 $2 (22... Nf4 $1 $14 23. Qh4 Nd3) 23. Rae1 {Played: Rg1-g2} 1-0

[Event "IMSA Rapid Women 2019"]
[Site "Hengshui"]
[Date "2019.05.15"]
[Round "8.15"]
[White "Ushenina, Anna"]
[Black "Khotenashvili, Bela"]
[Result "1/2-1/2"]
[WhiteElo "2442"]
[BlackElo "2476"]
[Annotator "TA"]
[PlyCount "132"]
[EventDate "2019.05.14"]
[EventType "rapid"]
[EventCountry "CHN"]
[SourceTitle "playchess.com"]
[Source "ChessBase"]
[SourceQuality "1"]

{[%evp 9,132,12,19,20,62,54,74,55,57,42,66,78,77,62,68,31,32,35,40,-10,-6,-8,-8,-12,0,0,37,34,26,4,17,0,31,10,25,0,0,0,0,-43,-10,-78,-70,-88,-61,-137,-155,-117,32,28,26,18,98,108,110,103,101,16,132,132,135,132,160,12,12,12,275,11,13,15,16,0,8,0,0,0,17,0,45,0,0,0,0,0,8,0,8,0,8,8,16,16,18,8,16,8,16,16,31,31,31,8,19,8,8,8,8,8,8,0,0,0,0,0,0,0,0,0,0,0,0,0,0,0,0]} 1. d4 Nf6 2. Nf3 g6 3. Nbd2 d5 4. b4 Bg7 5. e3 a5 (5... O-O 6. Bb2 c6 7. c4 Nbd7 8. a4 Ne4 9. cxd5 Nxd2 10. Qxd2 cxd5 11. Bd3 Nf6 12. O-O Ne4 13. Qe2 Nd6 14. Rfc1 Bf5 15. Bxf5 gxf5 {1-0 (47) Sargissian,G (2689)-Kovalev,V (2683) St Petersburg 2018}) 6. b5 {D02: 1 d4 d5 2 Nf3 sidelines, including 2...Nf6 3 g3 and 2...Nf6 3 Bf4} a4 7. Ba3 Bf5 8. Be2 {White is better.} O-O 9. O-O Ne4 $146 ({Predecessor:} 9... Re8 10. c4 c6 11. Ne5 Nfd7 12. Nxd7 Qxd7 13. bxc6 bxc6 {1-0 (53) Olson,H (2076)-Payne,M (2029) Birmingham 2016}) 10. Nxe4 Bxe4 11. Nd2 Bf5 12. Bd3 Bxd3 13. cxd3 Qd7 14. Nb1 Qxb5 15. Bxe7 Re8 16. Ba3 $1 Qd7 17. Nc3 Nc6 {[%cal Bb8c6,Bc6d8,Bd8e6,Be6g5][%mdl 32]} 18. Rb1 Nd8 19. Qc2 f5 20. g3 h5 21. Ne2 g5 22. Rfc1 c6 23. Qd1 Ne6 24. Nc3 Qf7 25. Bd6 (25. Kh1 $11) 25... f4 $17 26. gxf4 gxf4 27. Qf3 {[#]} (27. Rc2 $15) 27... Ng5 $1 {[%cal Rg5f3]} 28. Qg2 Qg6 (28... fxe3 $17 {...Nf3+ is the strong threat.} 29. Qxg5 Re6) 29. Kh1 $36 {[%mdl 2048] White fights for an advantage.} Qxd6 30. Qxg5 {[%mdl 64] Double Attack} Re7 (30... fxe3 $11 {keeps the balance.} 31. fxe3 (31. Rxb7 Qf6 $14) 31... Qe7) 31. Rg1 $16 ({Much weaker is} 31. exf4 $6 Rf8 $11) ({Reject} 31. Qxh5 $6 fxe3 32. fxe3 Qh6 $11) 31... fxe3 32. fxe3 Rf8 33. Nxa4 (33. Rg3 $16) 33... Rf2 (33... Qf6 $11 {remains equal.}) 34. Qxh5 Qf6 35. Nc5 b5 36. Rg6 (36. Qh3 $16) 36... Rf1+ $11 37. Rxf1 Qxf1+ 38. Rg1 Qf2 39. Qg4 {[#] Strongly threatening Ne6.} Qxe3 40. Nd7 (40. Qc8+ {is more complex.} Kh7 41. Qf5+ Kg8 42. Na6 Rf7 43. Qg4) 40... Qe6 41. Ne5 {aiming for Qh4.} (41. Qxe6+ {feels hotter.} Rxe6 42. Nb8 Kf7 43. Rf1+ Ke7 44. Rc1) 41... Qxg4 42. Rxg4 {[%mdl 4096] Endgame KRB-KRN} Re6 43. Kg2 Kf8 (43... c5 $5) 44. Rg5 Bxe5 45. dxe5 {KR-KR} c5 46. Kf3 c4 47. dxc4 dxc4 48. Ke3 Ra6 49. Rg2 c3 50. Kd3 b4 51. Kc4 Rb6 52. Kb3 Rb8 53. h4 Kf7 54. h5 Ke6 55. Re2 {Black must now prevent h6.} (55. h6 {is interesting.} Rh8 56. Rh2 Kxe5 57. h7 Kd5 58. Rh5+) 55... Rh8 {The position is equal.} 56. Kxb4 (56. Rh2 {with more complications.} Kxe5 57. Rh4 Rc8 58. Rh1 Rc7 59. h6) 56... Rxh5 57. Kxc3 {And now Kc4 would win.} Rxe5 58. Rh2 Kd6 59. Kb4 Kc6 60. a4 Kb6 61. Rh6+ Kb7 62. Rd6 Rh5 63. Kc4 Rh4+ 64. Kb5 Rh5+ 65. Kb4 Rh4+ 66. Kb5 Rh5+ {Accuracy: White = 39%, Black = 62%.} 1/2-1/2

[Event "IMSA Rapid Women 2019"]
[Site "Hengshui"]
[Date "2019.05.15"]
[Round "8.16"]
[White "Koneru, Humpy"]
[Black "Krush, Irina"]
[Result "0-1"]
[WhiteElo "2553"]
[BlackElo "2422"]
[Annotator "RC"]
[PlyCount "80"]
[EventDate "2019.05.14"]
[EventType "rapid"]
[EventCountry "CHN"]
[SourceTitle "playchess.com"]
[Source "ChessBase"]
[SourceQuality "1"]
[TimeControl "900+10"]

1. d4 {[%emt 0:00:00]} d5 {[%emt 0:00:00]} 2. c4 {[%emt 0:00:00]} dxc4 {[%emt 0:00:00]} 3. Nf3 {[%emt 0:00:02]} Nf6 {[%emt 0:00:11]} 4. e3 {[%emt 0:00:03]} a6 {[%emt 0:00:04]} 5. Bxc4 {[%emt 0:00:08]} b5 {[%emt 0:00:05]} 6. Be2 {[%emt 0:00:23]} Bb7 {[%emt 0:00:04]} 7. a4 {[%emt 0:00:09]} b4 {[%emt 0:00:07]} 8. O-O {[%emt 0:00:50]} e6 {[%emt 0:00:05]} 9. Nbd2 {[%emt 0:00:14]} Nbd7 {[%emt 0:00:07]} 10. b3 {[%emt 0:01:42]} c5 {[%emt 0:00:05]} 11. Bb2 {[%emt 0:00:06]} Be7 {[%emt 0:00:04]} 12. Rc1 {[%emt 0:00:49]} O-O {[%emt 0:00:19]} 13. Nc4 {[%emt 0:00:31]} Qc7 14. dxc5 {[%emt 0:01:35]} Rfd8 {[%emt 0:03:42]} 15. c6 {[%emt 0:01:12]} Bxc6 {[%emt 0:00:19]} 16. Nd4 {[%emt 0:02:24]} Nc5 {[%emt 0:00:13]} 17. Bf3 {[%emt 0:00:53]} Bxf3 {[%emt 0:03:18]} 18. Qxf3 {[%emt 0:00:02]} Nd5 {[%emt 0:00:03]} 19. Qg3 {[%emt 0:02:40]} Qxg3 {[%emt 0:01:16]} 20. hxg3 {[%emt 0:00:01]} Bf6 {[%emt 0:02:02]} 21. Rb1 {[%emt 0:03:09]} Rac8 {[%emt 0:01:03]} 22. Na5 {[%emt 0:00:35]} Nd3 {[%emt 0:00:55]} 23. Ba1 {[%emt 0:00:33]} Bxd4 {[%emt 0:00:46]} 24. Bxd4 {[%emt 0:00:24]} e5 {[%emt 0:00:25]} 25. Rbd1 {[%emt 0:00:22]} Nc3 {[%emt 0:01:19]} 26. Rxd3 {[%emt 0:00:10]} Ne2+ {[%emt 0:00:02]} 27. Kh2 {[%emt 0:00:04]} Rd6 {[%emt 0:00:01]} 28. Kh3 {[%emt 0:00:15]} f5 {[%emt 0:00:02]} 29. Kh4 {[%emt 0:00:10]} exd4 {[%emt 0:00:39]} 30. exd4 {[%emt 0:00:08]} Re8 {[%emt 0:01:56]} 31. Re3 {[%emt 0:00:15]} Rh6+ {[%emt 0:00:24]} 32. Kg5 {[%emt 0:00:02]} Rg6+ {[%emt 0:00:04]} 33. Kh4 {[%emt 0:00:07]} Rg4+ {[%emt 0:00:33]} 34. Kh3 {[%emt 0:00:06]} Rxe3 {[%emt 0:00:04]} 35. fxe3 {[%emt 0:00:03]} Rxg3+ {[%emt 0:00:10]} 36. Kh2 {[%emt 0:00:07]} Rxe3 {[%emt 0:00:02]} 37. Re1 {[%emt 0:00:37]} f4 {[%emt 0:00:07]} 38. Nc4 {[%emt 0:00:05]} Re6 {[%emt 0:00:08]} 39. Kh3 {[%emt 0:00:22]} f3 {[%emt 0:00:23]} 40. Rf1 {[%emt 0:00:09]} Rh6+ {[%emt 0:00:13]} 0-1

[Event "IMSA Rapid Women 2019"]
[Site "Hengshui"]
[Date "2019.05.16"]
[Round "9.9"]
[White "Kosteniuk, Alexandra"]
[Black "Bodnaruk, Anastasia"]
[Result "1-0"]
[WhiteElo "2546"]
[BlackElo "2431"]
[Annotator "TA"]
[PlyCount "133"]
[EventDate "2019.05.14"]
[EventType "rapid"]
[EventCountry "CHN"]
[SourceTitle "playchess.com"]
[Source "ChessBase"]
[SourceQuality "1"]

{[%evp 16,133,16,8,11,13,10,5,3,0,0,0,0,0,10,0,0,0,17,0,0,-28,21,0,32,39,37,35,34,34,63,29,29,31,26,20,18,8,18,10,10,6,18,25,34,44,62,51,100,86,131,69,70,85,93,106,135,98,102,104,97,100,90,90,101,93,93,77,93,83,89,76,125,118,175,136,161,147,287,278,310,299,291,280,405,404,398,400,398,378,510,521,521,525,586,366,481,477,497,497,486,463,537,504,740,683,4927,3341,29972,29965,5606,4700,6472,6424,29974,29975,29990,29991,29991,29992]} 1. e4 c5 2. Nf3 d6 3. d4 cxd4 4. Nxd4 Nf6 5. Nc3 a6 6. Be2 e5 7. Nb3 Be7 8. O-O O-O 9. Re1 Be6 {B92: Sicilian Najdorf: 6 Be2} 10. Bf3 Nbd7 11. a4 Rc8 {The position is equal.} 12. a5 Rc4 13. Be3 Qc7 14. Nd2 Rb4 15. Qc1 Rc8 16. Ra3 Qc6 17. Nf1 Nc5 {[%cal Rc5e4]} (17... Nxe4 $6 18. Nxe4 Qxc2 19. Qxc2 $16) 18. Bd2 {[#] Strongly threatening Nd5.} Rd4 {[%cal Rc5e4]} ({Don't play} 18... Nfxe4 $6 19. Ng3 $16) 19. Ng3 b5 {...b4 is the strong threat.} 20. axb6 Qxb6 21. Be3 Rb4 22. Qa1 Ra8 ({Avoid the trap} 22... Rxb2 $2 23. Na4 $18) 23. Na4 Qb7 24. Nxc5 dxc5 25. Bd2 Rb5 26. Nf5 {Threatens to win with Bc3.} Bf8 27. Bc3 $36 {[%mdl 2048] White has the initiative.} c4 28. Ra5 Nd7 29. Rd1 Qc6 30. Ne3 Bc5 31. Nd5 Kf8 32. Qa2 f6 33. Ra1 (33. Nc7 $16 Bxf2+ 34. Kh1 (34. Kxf2 Qxc7 35. Rxa6 Rxa6 $14) 34... Rxa5 35. Qxa5) 33... Rxa5 $14 34. Qxa5 Bxd5 35. exd5 Qb6 36. Qxb6 Nxb6 37. Ra5 Bd6 38. Be4 g6 39. g4 Ke7 40. Kg2 Nd7 41. Bf3 f5 42. Be2 Nb6 43. Bd2 f4 44. Kf3 Kd7 (44... h6 $16 45. Bc3 g5) 45. Ke4 Kc7 46. g5 Kb7 (46... h6 $16 {was necessary.} 47. gxh6 Rh8) 47. Bg4 $18 Rf8 {If Black can now play ...c3 this consolidates a bit.} 48. Bc3 f3 {[#] Hoping for ...Rf4+.} 49. Bxe5 ({Not} 49. Bxf3 Nc8 $16) 49... c3 (49... Bb4 {keeps fighting.}) 50. b3 Bb4 51. Ra1 a5 52. Be6 a4 53. bxa4 Nc4 54. Bf6 Bc5 55. Kxf3 Be7 56. Ke4 Bxf6 57. gxf6 Rxf6 {[%mdl 4096] Endgame KRB-KRN} 58. f4 Kb6 59. Rb1+ Ka5 60. Rb8 Kxa4 61. Kd4 Rxf4+ 62. Kc5 Ka3 63. Rb4 Rf2 64. Rxc4 Rxc2 65. d6 {White mates.} Kb2 66. d7 Rd2 67. Bd5 {Accuracy: White = 70%, Black = 33%.} 1-0

[Event "IMSA Rapid Women 2019"]
[Site "Hengshui"]
[Date "2019.05.16"]
[Round "9.10"]
[White "Muzychuk, Mariya"]
[Black "Zhao, Xue"]
[Result "1-0"]
[WhiteElo "2563"]
[BlackElo "2485"]
[Annotator "TA"]
[PlyCount "79"]
[EventDate "2019.05.14"]
[EventType "rapid"]
[EventCountry "CHN"]
[SourceTitle "playchess.com"]
[Source "ChessBase"]
[SourceQuality "1"]

{[%evp 9,79,50,83,93,71,72,62,50,55,43,52,46,57,34,17,21,29,12,52,15,71,77,99,41,110,108,106,96,143,49,45,59,179,156,152,87,103,112,104,106,540,541,537,532,544,526,538,546,558,543,555,518,529,504,506,495,500,497,518,527,787,780,5109,5113,5089,5110,29982,29983,29983,29984,29984,29985]} 1. e4 Nf6 2. e5 Nd5 3. d4 d6 4. Nf3 c6 5. c4 Nb6 6. exd6 {B04: Alekhine's Defence: 4 Nf3} exd6 7. Bd3 Be7 8. h3 {White is slightly better.} d5 9. c5 N6d7 $1 10. O-O b6 11. cxb6 axb6 12. Re1 O-O 13. Nc3 Nf6 14. Ne5 c5 (14... Nfd7 $11) 15. Bg5 $36 {[%mdl 2048] Black is under strong pressure.} Bb7 {[#]} 16. Bc2 (16. Bxf6 $6 Bxf6 17. Bb5 (17. Qh5 g6 $15) 17... Na6 $11) (16. Ng4 $1 $16 Nbd7 17. Bb5) 16... Nbd7 ({Better is} 16... Nc6 $14) 17. Qd3 {aiming for Nxd7.} c4 18. Qf3 Ra5 19. Re3 (19. Qg3 $16) 19... Nxe5 $14 20. Rxe5 (20. dxe5 Ne8 $11) 20... Bc8 ({Black should play} 20... h6 $14 21. Bh4 Qd7) 21. Rae1 Be6 22. Bf5 (22. Qg3 $142) 22... Nd7 23. Bxe7 Qxe7 24. R5e3 ({Reject} 24. Rxe6 $6 fxe6 25. Bxe6+ Kh8 $11) ({Don't play} 24. Nxd5 $6 Qd6 $15) 24... Qh4 $2 {[%mdl 8192]} (24... Qf6 $16 25. Rxe6 (25. Bxe6 Qxf3 26. Rxf3 fxe6 $16) 25... fxe6 26. Bxe6+ Qxe6 27. Rxe6 Rxf3 28. gxf3 Kf7) 25. Rxe6 $18 fxe6 26. Bxe6+ {[%mdl 64] [#] Double Attack} Kh8 27. Bxd7 {[%cal Rf3f8]} Raa8 28. Qe3 Qf6 29. Re2 Rad8 30. Bg4 h6 31. Bf3 Qf7 32. Qe6 Qf4 33. Qe5 Qc1+ 34. Kh2 Rde8 35. Qxe8 Rxe8 36. Rxe8+ Kh7 37. Nxd5 Qxb2 38. Be4+ {White mates.} g6 39. Re7+ Kg8 40. Nf4 {Accuracy: White = 64%, Black = 32%.} 1-0

[Event "IMSA Rapid Women 2019"]
[Site "Hengshui"]
[Date "2019.05.16"]
[Round "9.11"]
[White "Tan, Zhongyi"]
[Black "Gunina, Valentina"]
[Result "1-0"]
[WhiteElo "2513"]
[BlackElo "2506"]
[Annotator "TA"]
[PlyCount "47"]
[EventDate "2019.05.14"]
[EventType "rapid"]
[EventCountry "CHN"]
[SourceTitle "playchess.com"]
[Source "ChessBase"]
[SourceQuality "1"]

{[%evp 9,47,18,86,81,85,84,91,57,61,49,65,54,64,57,69,78,79,88,71,75,110,104,117,94,102,10,10,0,38,52,103,100,462,460,29992,29993,29993,29994,29994,29994]} 1. c4 Nf6 2. Nc3 c5 3. Nf3 e6 4. e4 Nc6 5. Be2 g6 (5... d5 $11) 6. d4 $16 {A34: Symmetrical English: 2 Nc3, lines with ...d5} cxd4 7. Nxd4 Bg7 8. Nxc6 {White is better.} dxc6 9. Qxd8+ Kxd8 10. e5 {[#] And now Bg5 would win.} Nd7 11. f4 $1 f6 12. exf6 Bxf6 13. Bd2 Kc7 14. O-O-O b6 15. Ne4 Bg7 16. Be1 Bh6 17. Bg3 (17. Bc3 $16 Re8 18. Kb1) 17... e5 $1 $11 {[%cal Re5f4]} 18. Ng5 Re8 19. h4 $36 {[%mdl 2048] White is pushing.} Nf6 {[#]} (19... Nc5 $14) 20. Rhf1 $1 $16 Ng4 $2 {[%mdl 8192]} (20... Bf5 $16 {is tougher.}) 21. fxe5 $18 {Threatening mate with Rf7+.} Kb7 (21... Be6 $18 22. Bxg4 {[%mdl 64] Overworked Piece} Bxg4 23. Rf7+ {[%mdl 64] Double Attack} Kc8) 22. Rf7+ {[%mdl 64] Double Attack. White mates.} Ka6 23. c5+ b5 24. Rd3 {Played: Rd1-d4} 1-0

[Event "IMSA Rapid Women 2019"]
[Site "Hengshui"]
[Date "2019.05.16"]
[Round "9.12"]
[White "Abdumalik, Zhansaya"]
[Black "Lei, Tingjie"]
[Result "1-0"]
[WhiteElo "2464"]
[BlackElo "2507"]
[Annotator "TA"]
[PlyCount "75"]
[EventDate "2019.05.14"]
[EventType "rapid"]
[EventCountry "CHN"]
[SourceTitle "playchess.com"]
[Source "ChessBase"]
[SourceQuality "1"]

{[%evp 17,75,29,28,33,24,10,9,24,30,19,22,14,15,15,16,0,0,-12,0,0,12,14,18,28,39,-14,0,0,0,0,0,0,0,0,0,0,0,0,0,0,0,0,0,0,10,0,212,212,1389,1308,29992,14,29988,29989,29989,29990,29997,29998,29998,29999]} 1. e4 e5 2. Nf3 Nc6 3. Bb5 a6 4. Ba4 g6 5. O-O Bg7 6. c3 d6 7. d4 Bd7 8. Re1 Nge7 9. dxe5 Nxe5 10. Nxe5 {C76: Ruy Lopez: Deferred Steinitz: 5 c3 Bd7 6 d4 g6} Bxe5 11. Nd2 (11. Bb3 {seems wilder.} Nc6 12. f4 Bg7 13. Be3 O-O 14. Nd2) 11... Bxa4 12. Qxa4+ {The position is equal.} b5 13. Qb3 O-O 14. Nf1 Qd7 15. Bh6 Rfe8 16. h3 a5 17. a3 Rab8 18. Ne3 Qe6 19. Qc2 b4 20. axb4 axb4 21. c4 ({Better is} 21. f4 $14 Bh8 22. Bg5) 21... b3 22. Qd2 Bh8 23. Nd5 Nxd5 24. exd5 Qf6 25. Rxe8+ Rxe8 26. Qe3 {[%cal Re3e8]} Rc8 27. Ra3 Qxb2 28. Rxb3 Qa1+ 29. Kh2 Be5+ 30. g3 Qf1 31. Rb4 Ra8 $2 {[#]} (31... f6 $11 {and Black is okay.}) 32. Qa7 $1 $40 {[%cal Ra7a8][%mdl 640] White has strong attack.} Rd8 $2 ({Not} 32... Rxa7 33. Rb8#) (32... Rf8 33. Bxf8 Kxf8) 33. Rb8 {[%cal Rb8d8]} Bf6 34. Rxd8+ {[%mdl 64] Overworked Piece} Bxd8 {[#]} 35. Qd4 $1 {[%csl Gh6][%cal Rd4g7] White mates.} ({Less strong is} 35. Qe3 Be7 $14) 35... f6 36. Qe3 {[%cal Re3e8]} Be7 37. Qe6+ Kh8 38. Qc8+ {[%mdl 64] Double Attack. Accuracy: White = 62%, Black = 44%.} 1-0